L'Anomalia tèrmica de la Plana de Vic / E. Fontserè
Descripción Física:
40 p. ; 28 cm
MARC
| LEADER | 00000nam a2200000Ia 4500 | ||
|---|---|---|---|
| 001 | 10107 | ||
| 008 | 160829s1937 xx 000 0 cat d | ||
| 080 | |a RF-10-18 | ||
| 100 | |a Fontserè, Eduard |9 29053 | ||
| 245 | |a L'Anomalia tèrmica de la Plana de Vic / E. Fontserè | ||
| 260 | |a Barcelona : |b Generalitat de Catalunya, |c 1937 | ||
| 300 | |a 40 p. ; |c 28 cm | ||
| 490 | |a Servei Meteorològic de Catalunya. Memòries ; vol. 1 , núm. 1 | ||
| 650 | |a Meteorologia |x Vic, Plana de |9 38739 | ||
| 650 | |a Vic, Plana de |x Clima |9 38740 | ||
| 710 | 1 | |a Catalunya. |b Generalitat |9 12125 | |
| 856 | 4 | |u https://media.diba.cat/diba/fitxers/arxiu/fulletons/bib_10107_1937_baixa.pdf |y Accés lliure | |
| 856 | 4 | |u https://media.diba.cat/diba/fitxers/arxiu/fulletons/bib_10107_1937_baixa.pdf |y Accés lliure | |
| 901 | |a Arxiu | ||
| 942 | |n 1 |2 udc | ||
| 952 | |0 0 |1 0 |4 0 |6 RF1018 |7 1 |9 48569 |a Arxiu |b Arxiu |d 2016-12-01 |l 0 |o RF-10-18 |p 10107 |r 2016-12-01 00:00:00 |w 2016-12-01 |y ARXIU | ||
| 999 | |c 52399 |d 52399 | ||
| 900 | |a bib_10107_1937_baixa.pdf | ||